Nástin přednášek ze správního práva : (vybrané oblasti zvláštní části) /

Hlavní autor: Horzinková, Eva, 1951-
Korporativní autor: Policejní akademie České republiky. Katedra veřejné správy
Jazyk: Čeština
Vydáno: Praha : Vydavatelství PA ČR, 2001
Vydání: Vyd. 1.
Témata:
Fyzický popis: 163 s. ; 29 cm
Knihy
Uloženo v:
LEADER 01303nam a2200349 a 4500
001 000628240
003 CZ BrMZK
005 20090519150140.0
007 ta
008 021008s2001 xr e p cze d
015 |a cnb001174976 
020 |a 80-7251-079-7 
035 |a (OCoLC)53273889 
040 |a BOA001  |b cze 
043 |a e-xr--- 
072 7 |a 342  |x Ústavní právo. Správní právo  |2 Konspekt  |9 16 
072 7 |a 37.016  |x Učební osnovy. Vyučovací předměty. Učebnice  |2 Konspekt  |9 22 
080 |a 342.9  |2 MRF 
080 |a (437.3)  |2 MRF 
080 |a (075.8)  |2 MRF 
100 1 |a Horzinková, Eva,  |d 1951-  |7 jn20000810252  |4 aut 
245 1 0 |a Nástin přednášek ze správního práva :  |b (vybrané oblasti zvláštní části) /  |c Eva Horzinková a kolektiv 
250 |a Vyd. 1. 
260 |a Praha :  |b Vydavatelství PA ČR,  |c 2001 
300 |a 163 s. ;  |c 29 cm 
500 |a Vydavatel: Policejní akademie České republiky 
650 0 7 |a správní právo  |7 ph116261  |z Česko  |2 czenas 
655 7 |a učebnice vysokých škol  |7 fd133772  |2 czenas 
710 2 |a Policejní akademie České republiky.  |b Katedra veřejné správy  |7 ko2002159770 
910 |a BOA001  |b 3-1107.563 
990 |a BK 
996 6 |b 2610171995  |c 3-1107.563  |l MZK  |r Sklad / do 1 hodiny  |n 1  |p p.v.  |w 000628240  |u 000010  |a 1  |e BOA001  |j MZK50  |s P